Missing Word: ABBA Quiz Stats

Quiz Updated Mar 5, 2016

Challenge
Share
Tweet
Embed
Score 0/16 Timer 04:00
0 Plays Today
Hint Answer % Correct
Mamma ____Mia
96.2%
_____ Money, MoneyMoney
95.6%
Gimme! _____ Gimme!Gimme!
94.7%
____ QueenDancing
94.1%
Take a ____ on MeChance
87.7%
____ Me, Knowing YouKnowing
83%
The ____ Takes it AllWinner
77.9%
Lay All Your ____ On MeLove
76.8%
Hint Answer % Correct
Does Your ____ KnowMother
75.8%
The Name of the _____Game
75.4%
I Have a ____Dream
66.1%
Super ____Trouper
62.4%
Thank You for the ____Music
53.3%
____ Through My FingersSlipping
50.3%
_____ of UsOne
39.8%
____ Night CitySummer
16.5%

Today's Daily Dose

Missing Word
Law Misconceptions

Word Ladder
Easy Math

On This Day
January 20th

You're not logged in!

Compare scores with friends on all Sporcle quizzes.
Sign Up with Email
OR
Log In

You Might Also Like...

Show Comments

Extras

Top Quizzes Today


Score Distribution

Your Account Isn't Verified!

In order to create a playlist on Sporcle, you need to verify the email address you used during registration. Go to your Sporcle Settings to finish the process.